[Event "4NCL Online Division 4"]
[Site "online"]
[Date "2020.04.14"]
[Round "2.102"]
[White "Verma, Shlok"]
[Black "Manmay Chopra"]
[Result "1/2-1/2"]
[WhiteElo "1722"]
[BlackElo "1855"]
[PlyCount "80"]
[EventDate "2020.04.14"]
[WhiteTeam "Kent KJCA Kestrels C"]
[BlackTeam "Harrow 3"]

1. d3 Nf6 2. Nf3 g6 3. g3 Bg7 4. Bg2 d5 5. O-O O-O 6. Nbd2 Nc6 7. c4 d4 8. b3
e5 9. Bb2 Re8 10. Re1 a5 11. a3 Nd7 12. Qc2 Nc5 13. Rad1 f5 14. e3 e4 15. dxe4
d3 16. Qc1 fxe4 17. Nd4 Nxd4 18. exd4 Bxd4 19. Bxd4 Qxd4 20. b4 axb4 21. axb4
e3 22. fxe3 Rxe3 23. Rxe3 Qxe3+ 24. Kh1 Nd7 25. Re1 Qd4 26. Bd5+ Kf8 27. Ne4
Kg7 28. Ng5 Ne5 29. Qf4 Qxf4 30. gxf4 Ng4 31. Re7+ Kf8 32. Rxh7 Ra1+ 33. Kg2
Ne3+ 34. Kf3 Nxd5 35. cxd5 d2 36. Rh8+ Ke7 37. Rh7+ Kd6 38. Ne4+ Kxd5 39. Nxd2
Ra3+ 40. Kf2 Ra2 1/2-1/2

[Event "4NCL Online Division 4"]
[Site "online"]
[Date "2020.04.14"]
[Round "2.103"]
[White "Stotz, Martin"]
[Black "Metcalfe, Charlie P"]
[Result "0-1"]
[WhiteElo "1780"]
[BlackElo "1797"]
[PlyCount "50"]
[EventDate "2020.04.14"]
[WhiteTeam "Harrow 3"]
[BlackTeam "Kent KJCA Kestrels C"]

1. d4 d5 2. Bf4 c5 3. e3 Nc6 4. Nc3 cxd4 5. exd4 Bf5 6. Bd3 Bxd3 7. Qxd3 e6 8.
Nf3 Rc8 9. a3 Bd6 10. Bg3 Nf6 11. Ne5 O-O 12. O-O Qb6 13. Nxc6 Qxc6 14. Rfe1
Bxg3 15. hxg3 Qb6 16. b3 Rc6 17. Na4 Qc7 18. Rac1 Rc8 19. Nc5 b6 20. Na6 Qd6
21. Nb4 Rc3 22. Qe2 a5 23. Na2 R3c7 24. c4 dxc4 25. Qxc4 Rxc4 0-1

[Event "4NCL Online Division 4"]
[Site "online"]
[Date "2020.04.14"]
[Round "2.104"]
[White "Langley, Anthony M"]
[Black "O'Neill, Richard"]
[Result "1/2-1/2"]
[WhiteElo "1480"]
[BlackElo "1645"]
[PlyCount "116"]
[EventDate "2020.04.14"]
[WhiteTeam "Kent KJCA Kestrels C"]
[BlackTeam "Harrow 3"]

1. c4 e5 2. Nc3 Nf6 3. g3 Bc5 4. e3 Nc6 5. Bg2 d6 6. a3 a5 7. Nge2 Bg4 8. h3
Be6 9. d3 Qd7 10. Bd2 O-O 11. Qc2 Ba7 12. Nb5 d5 13. Nxa7 Rxa7 14. cxd5 Bxd5
15. e4 Be6 16. Bg5 h6 17. Bxf6 gxf6 18. Qd2 Kh7 19. g4 Nd4 20. Nxd4 Qxd4 21.
O-O Bc4 22. Rfd1 Rd8 23. Bf1 Bb3 24. Re1 a4 25. Rac1 b5 26. Re3 c5 27. Qc3 Qxc3
28. Rxc3 Rc7 29. Rg3 Rdc8 30. h4 b4 31. Rc1 bxa3 32. bxa3 Rg8 33. Be2 Be6 34.
Kh2 Rcc8 35. Rg2 Rc7 36. f3 Bb3 37. Kh3 Rgc8 38. Kg3 c4 39. dxc4 Bxc4 40. Bxc4
Rxc4 41. Rd1 Rc3 42. Ra2 Rb3 43. Rd6 Kg7 44. g5 hxg5 45. hxg5 fxg5 46. Kg4 f6
47. Ra6 Rcc3 48. Kh5 Rb7 49. Rxa4 Rxf3 50. Rb4 Rxb4 51. axb4 Rf4 52. Ra7+ Kf8
53. Kg6 Rxe4 54. Kxf6 Rf4+ 55. Kxe5 Rxb4 56. Kf6 Rf4+ 57. Kxg5 Rf7 58. Rxf7+
Kxf7 1/2-1/2

[Event "4NCL Online Division 4"]
[Site "online"]
[Date "2020.04.14"]
[Round "2.111"]
[White "Clissold, Ben S"]
[Black "Phillips, William"]
[Result "1-0"]
[WhiteElo "2135"]
[BlackElo "1870"]
[PlyCount "71"]
[EventDate "2020.04.14"]
[WhiteTeam "Manchester Juniors A"]
[BlackTeam "Hatch End A"]

1. e4 e5 2. Nf3 Nc6 3. Bb5 a6 4. Ba4 Nf6 5. Qe2 b5 6. Bb3 Be7 7. a4 b4 8. d4
exd4 9. e5 Ng4 10. h3 Nh6 11. Bxh6 gxh6 12. Nbd2 d5 13. exd6 Qxd6 14. Nc4 Qf6
15. Nce5 Nxe5 16. Nxe5 Be6 17. O-O-O c5 18. Rhe1 O-O 19. Rd3 Bd6 20. Bxe6 Bxe5
21. Bd5 Rae8 22. Kb1 Bd6 23. Qxe8 Rxe8 24. Rxe8+ Kg7 25. Rf3 Qg6 26. Rxf7+ Qxf7
27. Bxf7 Kxf7 28. Ra8 Ke6 29. Rxa6 Kd5 30. b3 h5 31. Ra7 h6 32. Rh7 Bf4 33. g3
Bd2 34. a5 c4 35. bxc4+ Kxc4 36. a6 1-0

[Event "4NCL Online Division 4"]
[Site "online"]
[Date "2020.04.14"]
[Round "2.112"]
[White "Breed, Greg J"]
[Black "Parry, Samuel"]
[Result "1/2-1/2"]
[WhiteElo "1825"]
[BlackElo "1812"]
[PlyCount "109"]
[EventDate "2020.04.14"]
[WhiteTeam "Hatch End A"]
[BlackTeam "Manchester Juniors A"]

1. d4 Nf6 2. c4 g6 3. f3 Bg7 4. e4 d6 5. Nc3 O-O 6. Bd3 c5 7. d5 e6 8. Nge2
exd5 9. cxd5 a6 10. a4 Nbd7 11. O-O Re8 12. Bf4 Ne5 13. Bc2 Rb8 14. Bg3 b5 15.
axb5 axb5 16. b3 b4 17. Bxe5 Rxe5 18. Nb1 Re7 19. Ra2 Bd7 20. Bd3 Bb5 21. Bxb5
Rxb5 22. Nd2 Nd7 23. Nc4 Ne5 24. Ra6 Nxc4 25. bxc4 Ra5 26. Rxa5 Qxa5 27. Qb3
Ra7 28. Rb1 Qa2 29. Qxa2 Rxa2 30. Kf2 Rc2 31. Ke3 Rb2 32. Rxb2 Bxb2 33. f4 Kg7
34. g4 h6 35. Kd3 g5 36. Kc2 Ba1 37. fxg5 hxg5 38. Ng1 Be5 39. h3 Kf6 40. Nf3
Bf4 41. Kb3 Ke7 42. Ka4 Kd7 43. h4 gxh4 44. Nxh4 Ke7 45. Nf3 Kf6 46. Kb3 Bg3
47. Kc2 Bf4 48. Kb3 Ke7 49. Ka4 Kd7 50. Nh4 Bg3 51. Nf5 Bf2 52. Kb3 Bg1 53. Nh4
Bh2 54. Nf3 Bg3 55. Ka4 1/2-1/2

[Event "4NCL Online Division 4"]
[Site "online"]
[Date "2020.04.14"]
[Round "2.113"]
[White "Gardiner, Ethan"]
[Black "Hayali, Laith"]
[Result "0-1"]
[WhiteElo "1795"]
[BlackElo "1757"]
[PlyCount "50"]
[EventDate "2020.04.14"]
[WhiteTeam "Manchester Juniors A"]
[BlackTeam "Hatch End A"]

1. e4 e6 2. d4 d5 3. Nc3 Nf6 4. Bg5 Be7 5. e5 Nfd7 6. h4 O-O 7. Qg4 f5 8. Qg3
c5 9. dxc5 Nxc5 10. Bxe7 Qxe7 11. f4 Bd7 12. Nf3 Ne4 13. Nxe4 fxe4 14. Nd2 Qf7
15. Be2 Qxf4 16. Qxf4 Rxf4 17. g4 Nc6 18. O-O-O Nxe5 19. g5 Rc8 20. Kb1 Ba4 21.
b3 Bc6 22. Rdf1 Rcf8 23. Rxf4 Rxf4 24. h5 Rf2 25. Re1 Rg2 0-1

[Event "4NCL Online Division 4"]
[Site "online"]
[Date "2020.04.14"]
[Round "2.114"]
[White "Pattni, Kishan"]
[Black "Clissold, Julian"]
[Result "1-0"]
[WhiteElo "1757"]
[BlackElo "1795"]
[PlyCount "55"]
[EventDate "2020.04.14"]
[WhiteTeam "Hatch End A"]
[BlackTeam "Manchester Juniors A"]

1. Nf3 d5 2. d4 Nf6 3. Bf4 e6 4. e3 Bd6 5. Bg3 Nbd7 6. Nbd2 O-O 7. c3 Re8 8.
Ne5 Ne4 9. Nxe4 dxe4 10. Nc4 Bxg3 11. hxg3 Nf6 12. Qc2 b6 13. O-O-O Bb7 14. Be2
Qd5 15. Kb1 Ba6 16. Ne5 Bxe2 17. Qxe2 g6 18. Rh4 c5 19. Rdh1 cxd4 20. exd4 a6
21. R1h3 Qb5 22. Qe1 a5 23. Qh1 Kf8 24. Rxh7 Nxh7 25. Rxh7 Ke7 26. Rxf7+ Kd8
27. Qh4+ Kc8 28. c4 1-0

[Event "4NCL Online Division 4"]
[Site "online"]
[Date "2020.04.14"]
[Round "2.121"]
[White "Jenkins, John"]
[Black "Putar, Leon"]
[Result "1-0"]
[WhiteElo "2065"]
[BlackElo "1868"]
[PlyCount "73"]
[EventDate "2020.04.14"]
[WhiteTeam "Stroud The Old"]
[BlackTeam "St Benildus B"]

1. d4 Nf6 2. c4 g6 3. Nc3 d5 4. cxd5 Nxd5 5. e4 Nxc3 6. bxc3 Bg7 7. Bc4 O-O 8.
Ne2 c5 9. O-O Nc6 10. Be3 Qa5 11. f4 Rd8 12. d5 b5 13. Qe1 bxc4 14. dxc6 Qc7
15. f5 Qxc6 16. fxg6 hxg6 17. Qf2 Be6 18. Bxc5 Qxe4 19. Nd4 Bxd4 20. Bxd4 f6
21. Rae1 Qc6 22. Qe3 Kf7 23. Rf2 Rd5 24. Rfe2 Rd6 25. Bc5 Rad8 26. Bxd6 Rxd6
27. Qxa7 Rd7 28. Qe3 Bf5 29. Qh6 Qc5+ 30. Kh1 g5 31. h4 gxh4 32. Qh5+ Kf8 33.
Qxh4 Qc6 34. Re3 Rd3 35. Qh8+ Kf7 36. Rxe7+ Kg6 37. Rg7# 1-0

[Event "4NCL Online Division 4"]
[Site "online"]
[Date "2020.04.14"]
[Round "2.122"]
[White "Putar, Lara"]
[Black "Brown, Graham K"]
[Result "1-0"]
[WhiteElo "1821"]
[BlackElo "1757"]
[PlyCount "67"]
[EventDate "2020.04.14"]
[WhiteTeam "St Benildus B"]
[BlackTeam "Stroud The Old"]

1. d4 e5 2. dxe5 Nc6 3. Nf3 Nge7 4. Bf4 Ng6 5. Bg3 Qe7 6. Nc3 Ncxe5 7. Nxe5
Nxe5 8. Nd5 Qd6 9. c4 c6 10. Ne3 Qb4+ 11. Qd2 Nxc4 12. Nxc4 Qxc4 13. e3 Qb4 14.
O-O-O Qxd2+ 15. Rxd2 d5 16. Be2 Bb4 17. Rd4 Bc5 18. Rd2 O-O 19. Rhd1 Be6 20. h4
Bb4 21. Rd4 c5 22. Rf4 c4 23. h5 Rac8 24. Bg4 f5 25. Bf3 Bd6 26. Rfd4 Bc5 27.
Bxd5 Bxd4 28. Bxe6+ Kh8 29. Bxc8 Bxb2+ 30. Kxb2 Rxc8 31. Rd7 g6 32. hxg6 hxg6
33. Rxb7 a5 34. Rc7 1-0

[Event "4NCL Online Division 4"]
[Site "online"]
[Date "2020.04.14"]
[Round "2.123"]
[White "Walker, Adrian"]
[Black "Murray, Benjamin"]
[Result "1-0"]
[WhiteElo "1750"]
[BlackElo "1746"]
[PlyCount "83"]
[EventDate "2020.04.14"]
[WhiteTeam "Stroud The Old"]
[BlackTeam "St Benildus B"]

1. e4 e6 2. Nf3 d5 3. e5 c5 4. b4 cxb4 5. d4 Nc6 6. a3 Bd7 7. axb4 Bxb4+ 8. c3
Be7 9. Bd3 Qc7 10. O-O f6 11. Bf4 g5 12. Bg3 f5 13. Nxg5 h5 14. Bh4 O-O-O 15.
Nf7 Bxh4 16. Nxh8 Be8 17. Be2 Qh7 18. Na3 a6 19. Qb3 Qxh8 20. Qb6 Qg7 21. Nb5
axb5 22. Ra8+ Nb8 23. Qxe6+ Qd7 24. Qxg8 Bf7 25. Qh7 Qe6 26. Bxh5 Bxh5 27. Qxh5
Be7 28. Rb1 Rg8 29. Qf3 f4 30. h3 Bh4 31. Ra5 Qf5 32. Raxb5 Bxf2+ 33. Kxf2 Qc2+
34. Kg1 Rg3 35. Qf2 Qg6 36. Kh2 Qe4 37. Rxb7 Nc6 38. R7b2 Rxc3 39. Qh4 Qxd4 40.
Qg4+ Kd8 41. Rb7 Rxh3+ 42. Qxh3 1-0

[Event "4NCL Online Division 4"]
[Site "online"]
[Date "2020.04.14"]
[Round "2.124"]
[White "Putar, Slavko"]
[Black "Reekie-Black, Matthew"]
[Result "1-0"]
[WhiteElo "1654"]
[BlackElo "1615"]
[PlyCount "85"]
[EventDate "2020.04.14"]
[WhiteTeam "St Benildus B"]
[BlackTeam "Stroud The Old"]

1. e4 e5 2. Nf3 Nc6 3. Nc3 Bc5 4. Nxe5 Bxf2+ 5. Kxf2 Nxe5 6. d4 Qf6+ 7. Kg1 Ng6
8. Nd5 Qd8 9. Bc4 c6 10. Ne3 d6 11. Qf3 Qf6 12. c3 Be6 13. d5 Qxf3 14. gxf3
cxd5 15. Nxd5 Bxd5 16. Bxd5 Rb8 17. Be3 b6 18. Kf2 N8e7 19. Bb3 Ne5 20. Ke2 b5
21. Rab1 Nc4 22. Bxa7 Rb7 23. Bd4 f6 24. a4 Ne5 25. Bxe5 dxe5 26. axb5 Nc8 27.
Ra1 Ra7 28. Rxa7 Nxa7 29. Ra1 Nc8 30. Ra8 Kd7 31. Kd3 Rd8 32. Bd5 Kc7 33. Ra6
Nb6 34. Ra7+ Kc8 35. c4 Rd7 36. Rxd7 Kxd7 37. c5 Na4 38. b4 g5 39. Kc2 Kc7 40.
Kb3 Nb6 41. cxb6+ Kxb6 42. Kc4 h6 43. Bf7 1-0

[Event "4NCL Online Division 4"]
[Site "online"]
[Date "2020.04.14"]
[Round "2.131"]
[White "Rathbone-Jones, Ifan"]
[Black "Bozinakis, Pavlos"]
[Result "0-1"]
[WhiteElo "2072"]
[BlackElo "2216"]
[PlyCount "97"]
[EventDate "2020.04.14"]
[WhiteTeam "To Be Decided"]
[BlackTeam "Phones Pals"]

1. d4 g6 2. Bf4 Bg7 3. Nc3 d6 4. e4 Nc6 5. d5 Ne5 6. Qd2 c5 7. Nf3 Nxf3+ 8.
gxf3 a6 9. a4 Qb6 10. Rb1 Qb4 11. h4 h5 12. Qd3 Bd7 13. Bd2 Bxa4 14. Na2 Qb6
15. Qc4 Bd7 16. Be2 Qc7 17. Qb3 b5 18. c4 b4 19. O-O a5 20. Bc1 a4 21. Qd3 Nf6
22. Re1 Bc8 23. Bf4 Nd7 24. Nc1 Nb6 25. Bf1 O-O 26. Kh2 Ba6 27. b3 axb3 28.
Qxb3 Bxc4 29. Bxc4 Ra3 30. Qc2 Rc3 31. Qe2 Rxc4 32. Nd3 Rc3 33. Bd2 Ra3 34.
Rec1 Qd7 35. Bg5 Rfa8 36. Kg2 Qb5 37. Nf4 Qxe2 38. Nxe2 Kf8 39. Be3 Ra1 40. f4
Rxb1 41. Rxb1 Ra2 42. Nc1 Ra1 43. Rb3 Nc4 44. Ne2 Nxe3+ 45. fxe3 Ra3 46. Rb1
Rxe3 47. Ng3 Ra3 48. f5 b3 49. Ne2 0-1

[Event "4NCL Online Division 4"]
[Site "online"]
[Date "2020.04.14"]
[Round "2.132"]
[White "Shah, Dipen"]
[Black "Gurner, Jem"]
[Result "1-0"]
[WhiteElo "1501"]
[BlackElo "1975"]
[PlyCount "97"]
[EventDate "2020.04.14"]
[WhiteTeam "Phones Pals"]
[BlackTeam "To Be Decided"]

1. d4 g6 2. c4 Bg7 3. Nc3 d6 4. e4 e5 5. Nge2 Nc6 6. d5 Nce7 7. Ng3 f5 8. exf5
Nxf5 9. Nxf5 Bxf5 10. Bd3 Nf6 11. O-O O-O 12. Bg5 Qd7 13. f3 a6 14. Qd2 Rae8
15. Ne4 c6 16. Rad1 cxd5 17. Nxf6+ Bxf6 18. Bxf5 gxf5 19. Qxd5+ Kg7 20. Be3 e4
21. Qxd6 Qxd6 22. Rxd6 exf3 23. Rxf3 Re4 24. b3 Rfe8 25. Bc5 Re1+ 26. Rf1 R8e2
27. Rd7+ Kg6 28. Rxe1 Rxe1+ 29. Kf2 Ra1 30. a4 b5 31. cxb5 axb5 32. axb5 Rb1
33. Rd3 Rb2+ 34. Kf3 Be5 35. h3 Rc2 36. b4 Ra2 37. b6 Ra8 38. b7 Rb8 39. Rd7 h5
40. g4 fxg4+ 41. hxg4 hxg4+ 42. Kxg4 Kf6 43. Kf3 Ke6 44. Re7+ Kf6 45. Ke4 Bh2
46. Kd5 Bg3 47. Kc6 Bh2 48. Rh7 Bg3 49. Ba7 1-0

[Event "4NCL Online Division 4"]
[Site "online"]
[Date "2020.04.14"]
[Round "2.133"]
[White "Chadha, Sambhav"]
[Black "Munshi, Aryan"]
[Result "0-1"]
[WhiteElo "1706"]
[BlackElo "1148"]
[PlyCount "112"]
[EventDate "2020.04.14"]
[WhiteTeam "To Be Decided"]
[BlackTeam "Phones Pals"]

1. e4 e5 2. Nf3 Nc6 3. d4 exd4 4. Bc4 Nf6 5. e5 d5 6. Bb5 Ne4 7. Nxd4 Bd7 8.
Bxc6 bxc6 9. O-O Bc5 10. f3 Ng5 11. f4 Ne4 12. Be3 Rb8 13. Nd2 Rxb2 14. Nxe4
dxe4 15. Qe1 Qe7 16. Qc3 Rb8 17. Kh1 Bb4 18. Qc4 c5 19. Nb3 Qe6 20. Qxe6+ Bxe6
21. Nxc5 Bxc5 22. Bxc5 Rb2 23. Rab1 Rxb1 24. Rxb1 Kd7 25. Rd1+ Kc6 26. Bxa7 Ra8
27. Bd4 Rxa2 28. c3 Re2 29. Kg1 e3 30. f5 Bxf5 31. Kf1 Rf2+ 32. Kg1 Be4 33. Re1
Rxg2+ 34. Kf1 Rf2+ 35. Kg1 Rg2+ 36. Kf1 Rxh2 37. Rxe3 Kd5 38. e6 fxe6 39. Bxg7
e5 40. Bf8 c5 41. Bxc5 Rh1+ 42. Ke2 Bc2 43. Bb4 e4 44. Rg3 Kc4 45. Rg7 Bd3+ 46.
Kd2 Rh2+ 47. Ke3 Rh3+ 48. Kf2 e3+ 49. Kg2 e2 50. Re7 Rh6 51. Kf2 Rf6+ 52. Ke1
Rf1+ 53. Kd2 Rd1+ 54. Ke3 e1=Q+ 55. Kf3 Qxe7 56. Bxe7 Kxc3 0-1

[Event "4NCL Online Division 4"]
[Site "online"]
[Date "2020.04.14"]
[Round "2.134"]
[White "Sharan, Kartike"]
[Black "Jaberansari, Daniel"]
[Result "1/2-1/2"]
[WhiteElo "1140"]
[BlackElo "1645"]
[PlyCount "194"]
[EventDate "2020.04.14"]
[WhiteTeam "Phones Pals"]
[BlackTeam "To Be Decided"]

1. e4 e6 2. d4 d5 3. e5 c5 4. Nf3 Nc6 5. Bb5 Bd7 6. Bxc6 bxc6 7. Nc3 cxd4 8.
Qxd4 c5 9. Qd1 Ne7 10. O-O Ng6 11. b3 Be7 12. Ba3 O-O 13. Ne2 Qa5 14. Bb2 Rac8
15. c4 dxc4 16. Qxd7 Rfd8 17. Qa4 Qxa4 18. bxa4 Rb8 19. Bc3 Rd3 20. Ba5 Ra3 21.
Bc7 Rc8 22. Bd6 Bxd6 23. exd6 Rxa4 24. d7 Rd8 25. Rfd1 Rb4 26. Rd6 Rb7 27. Rad1
Nf8 28. Ne5 f6 29. Nc6 Rdxd7 30. Rxd7 Rxd7 31. Rxd7 Nxd7 32. Nxa7 Nb6 33. Nc3
Nd5 34. Ne4 c3 35. Nxc5 c2 36. Nb3 Nb4 37. Nc1 Kf7 38. Kf1 Ke7 39. Ke2 Kd6 40.
Kd2 Kc5 41. a3 Nd5 42. a4 Nb4 43. Kc3 Nd5+ 44. Kb3 Nb4 45. Nb5 Nd5 46. Nd3+ Kb6
47. Kxc2 Ka5 48. Kb3 Nb6 49. Nb2 h6 50. Nd6 Nd5 51. Nbc4+ Ka6 52. Ne8 g6 53.
Ng7 Nf4 54. g3 Nd3 55. Nxe6 Nxf2 56. Nf4 Ng4 57. h3 Nf2 58. Nxg6 Nxh3 59. Nh4
Nf2 60. Ne3 Ne4 61. Nhf5 Ka5 62. Nxh6 Nc5+ 63. Ka3 Nxa4 64. Nhg4 Nc5 65. Nxf6
Ne6 66. g4 Kb5 67. Kb3 Kc5 68. Kc3 Kd6 69. Nf5+ Ke5 70. Nh5 Nf4 71. Nfg7 Ng6
72. Kd3 Kd5 73. Ke3 Ke5 74. Kf3 Nh4+ 75. Kg3 Ng6 76. g5 Nf8 77. Kg4 Ng6 78. Nf6
Nf4 79. Nd7+ Ke4 80. Nh5 Ng6 81. Nhf6+ Kd4 82. Kh5 Nf4+ 83. Kh6 Kc4 84. Nh5 Ne6
85. g6 Kb5 86. Nf8 Nd8 87. g7 Nf7+ 88. Kg6 Ne5+ 89. Kf5 Nf7 90. Kf6 Nh6 91. Kg6
Ng8 92. Nf6 Ne7+ 93. Kf7 Nf5 94. g8=N Kc4 95. Ke6 Nd4+ 96. Ke5 Nc6+ 97. Kd6 Nd4
1/2-1/2

[Event "4NCL Online Division 4"]
[Site "online"]
[Date "2020.04.14"]
[Round "2.141"]
[White "Hill, Jonathan S"]
[Black "Smith, Mark"]
[Result "1-0"]
[WhiteElo "1975"]
[BlackElo "1832"]
[PlyCount "151"]
[EventDate "2020.04.14"]
[WhiteTeam "Urmston"]
[BlackTeam "Shropshire 3"]

1. d4 c5 2. d5 e5 3. c4 d6 4. Nc3 Nf6 5. e4 Nbd7 6. Nf3 Be7 7. Bd3 O-O 8. h3 g6
9. Bh6 Re8 10. g4 Bf8 11. Be3 Bg7 12. Rg1 Nf8 13. Nh2 Kh8 14. Qf3 Qe7 15. O-O-O
Ng8 16. g5 Qd7 17. Rg3 f5 18. gxf6 Nxf6 19. Ng4 Nxg4 20. hxg4 Re7 21. Rh1 Rf7
22. Qg2 Kg8 23. f3 Qe7 24. Rgh3 Bh8 25. Qh2 Bd7 26. Qd2 a6 27. Be2 Rb8 28. a4
b6 29. Bg5 Bf6 30. Bh6 Bg7 31. Bd1 b5 32. axb5 axb5 33. cxb5 Bxb5 34. Nxb5 Rxb5
35. Ba4 Rb4 36. Bc2 Qb7 37. Bxg7 Rxg7 38. Bb1 Rc4+ 39. Bc2 Qa7 40. Qd3 Rd4 41.
Qa3 Qxa3 42. bxa3 Ra7 43. Kb2 Rd2 44. R3h2 Rxh2 45. Rxh2 Nd7 46. Bd3 Nb6 47.
Rc2 Rb7 48. Ka2 Na4 49. Ba6 Rb6 50. Bc4 Kf7 51. Bb3 Ra6 52. Bxa4 Rxa4 53. Kb3
Ra7 54. Ra2 h5 55. gxh5 gxh5 56. a4 Kf6 57. Kc4 h4 58. Kb5 h3 59. Rh2 Kg5 60.
Rxh3 Kf4 61. a5 Ke3 62. Kb6 Ra8 63. a6 c4 64. Kb7 Rg8 65. a7 Rg7+ 66. Kb6 Rg8
67. Rh7 c3 68. Rc7 Kd2 69. Kb7 c2 70. a8=Q Rxa8 71. Kxa8 c1=Q 72. Rxc1 Kxc1 73.
Kb7 Kd2 74. Kc6 Ke3 75. Kxd6 Kxf3 76. Kxe5 1-0

[Event "4NCL Online Division 4"]
[Site "online"]
[Date "2020.04.14"]
[Round "2.142"]
[White "Podlesak, Mark"]
[Black "Bitlloch, Jordi"]
[Result "1-0"]
[WhiteElo "1675"]
[BlackElo "1735"]
[PlyCount "49"]
[EventDate "2020.04.14"]
[WhiteTeam "Shropshire 3"]
[BlackTeam "Urmston"]

1. d4 Nf6 2. Nf3 c5 3. e3 e6 4. Bd3 d5 5. b3 Nc6 6. O-O Qc7 7. c4 cxd4 8. exd4
b6 9. Nc3 Ba6 10. Bg5 Be7 11. cxd5 Nxd5 12. Nxd5 exd5 13. Bxa6 Bb4 14. Qe2+ Ne7
15. Bb5+ Kf8 16. Ne5 f6 17. Nd7+ Kf7 18. Qf3 Qd6 19. a3 Bxa3 20. Rfe1 Bb2 21.
Bf4 Qb4 22. Qe2 Bxa1 23. Qe6+ Kg6 24. Ne5+ Kh5 25. Qg4# 1-0

[Event "4NCL Online Division 4"]
[Site "online"]
[Date "2020.04.14"]
[Round "2.143"]
[White "Whalley, Mark E"]
[Black "Walker, Kate"]
[Result "1-0"]
[WhiteElo "1712"]
[BlackElo "1705"]
[PlyCount "55"]
[EventDate "2020.04.14"]
[WhiteTeam "Urmston"]
[BlackTeam "Shropshire 3"]

1. d4 d5 2. e3 c5 3. c3 Nc6 4. f4 cxd4 5. exd4 Bf5 6. Nf3 e6 7. Bb5 Rc8 8. O-O
Bd6 9. Ne5 Nge7 10. Nd2 O-O 11. Ndf3 f6 12. Nd3 Qb6 13. Ba4 Na5 14. Qe2 Nc4 15.
Bb3 Qb5 16. Nf2 Ng6 17. g4 Be4 18. Nxe4 dxe4 19. Qxe4 Rfe8 20. f5 exf5 21. Qxf5
Qc6 22. Nd2 Nh4 23. Qf2 g5 24. Nxc4 Qxc4 25. Bxc4+ Rxc4 26. Qxf6 Bxh2+ 27. Kxh2
Rcc8 28. Qxg5+ 1-0

[Event "4NCL Online Division 4"]
[Site "online"]
[Date "2020.04.14"]
[Round "2.144"]
[White "Hilditch-Love, Daniel"]
[Black "Randall, Grant"]
[Result "1-0"]
[WhiteElo "1585"]
[BlackElo "1540"]
[PlyCount "59"]
[EventDate "2020.04.14"]
[WhiteTeam "Shropshire 3"]
[BlackTeam "Urmston"]

1. Nf3 d5 2. c4 e6 3. g3 Nf6 4. Bg2 c6 5. d4 Bd6 6. cxd5 exd5 7. Nc3 O-O 8. O-O
h6 9. Bf4 Bf5 10. Rc1 Bxf4 11. gxf4 Qd6 12. Ne5 Ng4 13. e3 Nxe5 14. dxe5 Qe6
15. Kh1 Nd7 16. f3 Rad8 17. Qe2 Rfe8 18. e4 dxe4 19. fxe4 Bg4 20. Bf3 Bxf3+ 21.
Rxf3 Nf8 22. Rg3 Qe7 23. Rcg1 g6 24. Qg2 Kh7 25. f5 Qxe5 26. fxg6+ Nxg6 27.
Rxg6 Qf4 28. Rg7+ Kh8 29. Rh7+ Kxh7 30. Qg7# 1-0

[Event "4NCL Online Division 4"]
[Site "online"]
[Date "2020.04.14"]
[Round "2.151"]
[White "Robbings, Andrew MJ"]
[Black "Bellingham, Andy"]
[Result "1/2-1/2"]
[WhiteElo "2027"]
[BlackElo "1885"]
[PlyCount "116"]
[EventDate "2020.04.14"]
[WhiteTeam "Wantage"]
[BlackTeam "Clevedon"]

1. e4 e5 2. Nf3 Nc6 3. Bb5 d6 4. Bxc6+ bxc6 5. h3 Nf6 6. d3 Be7 7. O-O O-O 8.
Re1 c5 9. c3 Bb7 10. Bg5 h6 11. Bh4 Nh7 12. Bxe7 Qxe7 13. Nbd2 Ng5 14. Nxg5
Qxg5 15. Nf3 Qe7 16. d4 cxd4 17. cxd4 exd4 18. Nxd4 Rab8 19. Rc1 a6 20. b3 Rfc8
21. Nc6 Bxc6 22. Rxc6 Rb6 23. Qc2 Qd7 24. Rc1 Rxc6 25. Qxc6 Qd8 26. b4 Qg5 27.
Rc2 Qb5 28. a3 Re8 29. Qxc7 Rxe4 30. Qd8+ Kh7 31. Qxd6 Re1+ 32. Kh2 Ra1 33. Rc3
Qe2 34. Qd3+ Qxd3 35. Rxd3 f6 36. Kg3 Kg6 37. Kg4 Kf7 38. Kh5 Ra2 39. Rf3 Rd2
40. g4 Rd5+ 41. Kh4 g6 42. Kg3 a5 43. bxa5 Rxa5 44. Re3 Kf8 45. Kf3 f5 46. Ke2
fxg4 47. hxg4 Kf7 48. Kd2 Kf6 49. f4 Ra4 50. Rf3 h5 51. gxh5 gxh5 52. Rh3 Rxf4
53. Rxh5 Ra4 54. Rh3 Ke5 55. Kc2 Kd5 56. Rc3 Kd4 57. Kb3 Rxa3+ 58. Kxa3 Kxc3
1/2-1/2

[Event "4NCL Online Division 4"]
[Site "online"]
[Date "2020.04.14"]
[Round "2.152"]
[White "Iles, Stuart P"]
[Black "Carter, John P"]
[Result "0-1"]
[WhiteElo "1832"]
[BlackElo "1802"]
[PlyCount "44"]
[EventDate "2020.04.14"]
[WhiteTeam "Clevedon"]
[BlackTeam "Wantage"]

1. b4 e5 2. Bb2 Bxb4 3. Bxe5 Nf6 4. c3 Be7 5. e3 Nc6 6. Bg3 d5 7. Be2 h5 8. h3
Ne4 9. Bh2 Bh4 10. g3 Qf6 11. Bf3 Ne5 12. Bxe4 dxe4 13. Qa4+ Bd7 14. Qxe4 Bc6
15. Qxh4 Bxh1 16. Qxf6 gxf6 17. d4 Ng4 18. hxg4 hxg4 19. Nd2 Rxh2 20. e4 O-O-O
21. Ke2 Re8 22. Kd3 Rxf2 0-1

[Event "4NCL Online Division 4"]
[Site "online"]
[Date "2020.04.14"]
[Round "2.153"]
[White "Piggott, Roly"]
[Black "Peters, David"]
[Result "1/2-1/2"]
[WhiteElo "1772"]
[BlackElo "1795"]
[PlyCount "46"]
[EventDate "2020.04.14"]
[WhiteTeam "Wantage"]
[BlackTeam "Clevedon"]

1. d4 d5 2. c4 c6 3. g3 Nf6 4. Bg2 e6 5. Nf3 Nbd7 6. O-O Be7 7. Qc2 O-O 8. b3
Re8 9. Nc3 Nf8 10. Bb2 Ng6 11. Rad1 Bd7 12. e4 dxe4 13. Nxe4 Nxe4 14. Qxe4 Bf6
15. Ne5 Qc7 16. Nxg6 hxg6 17. Qc2 Rad8 18. Rfe1 Bc8 19. a3 b6 20. b4 Bb7 21.
Qb3 Re7 22. Rd3 Red7 23. Red1 a6 1/2-1/2

[Event "4NCL Online Division 4"]
[Site "online"]
[Date "2020.04.14"]
[Round "2.154"]
[White "Chindelevitch, Leonid"]
[Black "Cordon, Ray"]
[Result "1-0"]
[WhiteElo "1810"]
[BlackElo "1232"]
[PlyCount "55"]
[EventDate "2020.04.14"]
[WhiteTeam "Clevedon"]
[BlackTeam "Wantage"]

1. e4 e5 2. d4 exd4 3. c3 dxc3 4. Bc4 d6 5. Nf3 Nf6 6. Nxc3 Nc6 7. O-O Be7 8.
Bg5 h6 9. Bh4 O-O 10. a3 Bg4 11. b4 Bxf3 12. Qxf3 Ne5 13. Qe2 Nxc4 14. Qxc4 c6
15. Rac1 d5 16. exd5 cxd5 17. Qd4 Re8 18. Rfd1 a6 19. Bg3 Rc8 20. f3 Qd7 21.
Nxd5 Rxc1 22. Nxf6+ Bxf6 23. Qxd7 Rd8 24. Qxd8+ Bxd8 25. Rxc1 Bb6+ 26. Bf2 Bc7
27. Rxc7 b5 28. Ra7 1-0

[Event "4NCL Online Division 4"]
[Site "online"]
[Date "2020.04.14"]
[Round "2.161"]
[White "Shearsby, Jude"]
[Black "Retallick, Lloyd"]
[Result "1/2-1/2"]
[WhiteElo "1847"]
[BlackElo "2065"]
[PlyCount "86"]
[EventDate "2020.04.14"]
[WhiteTeam "Warwickshire Bears A"]
[BlackTeam "East Cornwall Killers"]

1. d4 d5 2. Bf4 Nf6 3. e3 e6 4. Nf3 Bd6 5. Ne5 O-O 6. Bd3 c5 7. c3 Nc6 8. Nd2
Qc7 9. Ndf3 Nd7 10. Nxd7 Bxd7 11. Ne5 Nxe5 12. dxe5 Be7 13. O-O Bc6 14. Qh5 g6
15. Qg4 Rfd8 16. h4 Bf8 17. Bg5 Qxe5 18. Bxd8 Rxd8 19. Qg5 Qd6 20. h5 Be7 21.
Qg4 f5 22. Qe2 g5 23. Rad1 Qe5 24. f4 Qf6 25. c4 Kh8 26. cxd5 Bxd5 27. Bc4 g4
28. Bxd5 exd5 29. Qc2 Qf7 30. h6 Bf8 31. Rd2 b6 32. Rfd1 Bxh6 33. Qb3 c4 34.
Qb5 Qe6 35. Kf2 g3+ 36. Ke1 Qxe3+ 37. Re2 Qg1+ 38. Kd2 Qc5 39. Re8+ Rxe8 40.
Qxe8+ Bf8 41. Qe5+ Bg7 42. Qe8+ Bf8 43. Qe5+ Bg7 1/2-1/2